[Event "Titled Tuesday intern op 16th Apr Early"]
[Site "Chess.com INT"]
[Date "2024.04.16"]
[Round "1"]
[White "Halkias, Stelios"]
[Black "Devaev, Alexander"]
[Result "1-0"]
[WhiteElo "2508"]
[BlackElo "2325"]
[PlyCount "87"]
[EventDate "2024.04.16"]
[EventType "swiss (blitz)"]
[EventRounds "11"]
[EventCountry "USA"]
[SourceTitle "CB17_2024"]
[SourceDate "2024.04.24"]
[SourceVersion "1"]
[SourceVersionDate "2024.04.24"]
[SourceQuality "1"]

1. Nf3 Nf6 2. c4 c5 3. Nc3 e6 4. g3 Nc6 5. Bg2 Be7 6. 0-0 0-0 7. d4 cxd4 8. Nxd4 Ne5 9. b3 d6 10. Bb2 a6 11. Rc1 Qc7 12. e3 Rb8 13. Qe2 Re8 14. Rfd1 Bd7 15. h3 Bf8 16. Kh2 Qa5 17. a3 Nc6 18. b4 Qd8 19. Nb3 Ne5 20. f4 Ng6 21. c5 dxc5 22. Nxc5 Bxc5 23. bxc5 Qc7 24. e4 Bc6 25. Qf2 b6 26. e5 Bxg2 27. Qxg2 Nd5 28. Nxd5 exd5 29. c6 Ne7 30. Rc2 b5 31. Rdc1 Rb6 32. Bd4 Rxc6 33. Rxc6 Nxc6 34. Qxd5 Rc8 35. Bf2 h6 36. e6 fxe6 37. Qxe6+ Kh8 38. f5 Qb7 39. f6 gxf6 40. Qxf6+ Kh7 41. Qf5+ Kh8 42. Bd4+ Kg8 43. Qg6+ Kf8 44. Bc5+ 1-0

[Event "Titled Tuesday intern op 16th Apr Early"]
[Site "Chess.com INT"]
[Date "2024.04.16"]
[Round "3"]
[White "Halkias, Stelios"]
[Black "Tao, Sihan"]
[Result "1/2-1/2"]
[WhiteElo "2508"]
[BlackElo "2147"]
[PlyCount "76"]
[EventDate "2024.04.16"]
[EventType "swiss (blitz)"]
[EventRounds "11"]
[EventCountry "USA"]
[SourceTitle "CB17_2024"]
[SourceDate "2024.04.24"]
[SourceVersion "1"]
[SourceVersionDate "2024.04.24"]
[SourceQuality "1"]

1. Nf3 Nf6 2. c4 e6 3. g3 d5 4. d4 Be7 5. Bg2 0-0 6. 0-0 dxc4 7. Qc2 a6 8. a4 Bd7 9. Qxc4 Bc6 10. Bf4 Bd6 11. Qc1 Bxf4 12. Qxf4 a5 13. Nc3 Bxf3 14. Bxf3 c6 15. Rfd1 Na6 16. e4 Nb4 17. Rac1 Qe7 18. Qe3 Rfe8 19. e5 Nfd5 20. Bxd5 Nxd5 21. Nxd5 cxd5 22. Qb3 Rec8 23. Rc2 Rc7 24. Rdc1 Rac8 25. Qxb7 Rxb7 26. Rxc8+ Qf8 27. R1c5 Rxb2 28. Rxf8+ Kxf8 29. Rxa5 Rb4 30. Ra8+ Ke7 31. Ra7+ Kf8 32. a5 Rxd4 33. Rb7 Ra4 34. Rb5 d4 35. f4 Ra2 36. Rb4 Rxa5 37. Rxd4 g6 38. Kg2 h5 1/2-1/2

[Event "Titled Tuesday intern op 13th Feb Early"]
[Site "Chess.com INT"]
[Date "2024.02.13"]
[Round "1"]
[White "Halkias, Stelios"]
[Black "Eggleston, Thomas"]
[Result "1-0"]
[WhiteElo "2508"]
[BlackElo "2188"]
[PlyCount "63"]
[EventDate "2024.02.13"]
[EventType "swiss (blitz)"]
[EventRounds "11"]
[EventCountry "USA"]
[SourceTitle "CB08_2024"]
[SourceDate "2024.02.21"]
[SourceVersion "1"]
[SourceVersionDate "2024.02.21"]
[SourceQuality "1"]

1. d4 e6 2. c4 f5 3. Nf3 Nf6 4. g3 Bb4+ 5. Bd2 Qe7 6. Bg2 Bxd2+ 7. Nbxd2 d6 8. 0-0 e5 9. Qb3 c5 10. e3 0-0 11. Qc3 Nc6 12. d5 Nd8 13. b4 b6 14. a3 Rb8 15. Rab1 Rb7 16. bxc5 bxc5 17. Nb3 f4 18. exf4 exf4 19. Rfe1 Qd7 20. Ng5 Rb6 21. Nd2 h6 22. Ne6 Nxe6 23. dxe6 Qe7 24. Rxb6 axb6 25. Bd5 Ng4 26. Ne4 Ne5 27. Nxd6 fxg3 28. hxg3 Nf3+ 29. Qxf3 Rxf3 30. Nxc8 Qe8 31. e7+ Kh8 32. Bxf3 1-0

[Event "Titled Tuesday intern op 13th Feb Early"]
[Site "Chess.com INT"]
[Date "2024.02.13"]
[Round "2"]
[White "San, Thit Lwin"]
[Black "Halkias, Stelios"]
[Result "0-1"]
[WhiteElo "2242"]
[BlackElo "2508"]
[PlyCount "80"]
[EventDate "2024.02.13"]
[EventType "swiss (blitz)"]
[EventRounds "11"]
[EventCountry "USA"]
[SourceTitle "CB08_2024"]
[SourceDate "2024.02.21"]
[SourceVersion "1"]
[SourceVersionDate "2024.02.21"]
[SourceQuality "1"]

1. Nf3 Nf6 2. c4 e6 3. Nc3 Bb4 4. Qc2 c5 5. a3 Bxc3 6. Qxc3 d6 7. b4 0-0 8. Bb2 e5 9. d3 b6 10. g3 Bb7 11. Bg2 Nc6 12. 0-0 Nd4 13. Nxd4 exd4 14. Qc2 Bxg2 15. Kxg2 Re8 16. Rae1 d5 17. bxc5 bxc5 18. e3 dxc4 19. Qxc4 Rb8 20. Ba1 dxe3 21. fxe3 Qd5+ 22. Qxd5 Nxd5 23. e4 Nc7 24. Rf5 Ne6 25. Ref1 Re7 26. Rd5 h6 27. d4 cxd4 28. Bxd4 Rb3 29. Be5 Rxa3 30. Bd6 Ra2+ 31. Rf2 Rxf2+ 32. Kxf2 Rb7 33. e5 h5 34. h4 Kh7 35. Rd2 Kg6 36. Rc2 Nd4 37. Rd2 Nf5 38. Rd3 Nh6 39. Kf3 Ng4 40. Ra3 Kf5 0-1

[Event "Titled Tuesday intern op 06th Feb Early"]
[Site "Chess.com INT"]
[Date "2024.02.06"]
[Round "11"]
[White "Halkias, Stelios"]
[Black "Domin, Yan"]
[Result "0-1"]
[WhiteElo "2508"]
[BlackElo "2209"]
[PlyCount "106"]
[EventDate "2024.02.06"]
[EventType "swiss (blitz)"]
[EventRounds "11"]
[EventCountry "USA"]
[SourceTitle "CB07_2024"]
[SourceDate "2024.02.14"]
[SourceVersion "1"]
[SourceVersionDate "2024.02.14"]
[SourceQuality "1"]

1. Nf3 Nf6 2. c4 g6 3. b3 Bg7 4. Bb2 0-0 5. h4 d6 6. d4 Bg4 7. Nc3 Nbd7 8. e3 e5 9. Be2 Re8 10. d5 e4 11. Nd4 Bxe2 12. Qxe2 Ne5 13. 0-0-0 Nd3+ 14. Rxd3 exd3 15. Qxd3 Qd7 16. f3 c5 17. Nc2 a6 18. g4 b5 19. h5 bxc4 20. Qxc4 a5 21. hxg6 fxg6 22. g5 Nh5 23. Ne4 Bxb2+ 24. Kxb2 Qg7+ 25. Kc1 Qf8 26. Rxh5 gxh5 27. Nf6+ Kh8 28. e4 Qg7 29. f4 h6 30. Qe2 Qg6 31. e5 dxe5 32. d6 exf4 33. Qd2 hxg5 34. Nxe8 Rxe8 35. Qd5 Re2 36. Qxc5 Rxc2+ 37. Qxc2 Qxd6 38. Qf5 Qc6+ 39. Kb2 Qg2+ 40. Ka3 Kg7 41. Qe5+ Kf7 42. Qf5+ Ke7 43. Qe5+ Kd7 44. Qf5+ Kd6 45. Qf6+ Kd5 46. Qf5+ Kd4 47. Qxa5 Qd5 48. Qd2+ Ke5 49. Qc3+ Kf5 50. Qg7 f3 51. b4 Kg4 52. Qf6 Kg3 53. Ka4 f2 0-1

[Event "Titled Tuesday intern op 06th Feb Early"]
[Site "Chess.com INT"]
[Date "2024.02.06"]
[Round "4"]
[White "Halkias, Stelios"]
[Black "Mausyach Suri, Kemas Ade Krisna"]
[Result "1/2-1/2"]
[WhiteElo "2508"]
[BlackElo "1980"]
[PlyCount "174"]
[EventDate "2024.02.06"]
[EventType "swiss (blitz)"]
[EventRounds "11"]
[EventCountry "USA"]
[SourceTitle "CB07_2024"]
[SourceDate "2024.02.14"]
[SourceVersion "1"]
[SourceVersionDate "2024.02.14"]
[SourceQuality "1"]

1. Nf3 c5 2. c4 Nc6 3. Nc3 g6 4. e3 Bg7 5. d3 e6 6. g3 Nge7 7. Bg2 d5 8. 0-0 0-0 9. Qe2 b6 10. Rd1 Bb7 11. Bd2 a6 12. cxd5 exd5 13. d4 cxd4 14. exd4 Nf5 15. Bg5 Qd6 16. Bf4 Qd7 17. Ne5 Nxe5 18. dxe5 d4 19. Bxb7 Qxb7 20. Ne4 h5 21. Qf3 Kh8 22. Kg2 Rfe8 23. Nd6 Nxd6 24. exd6 Qxf3+ 25. Kxf3 Rad8 26. Rac1 g5 27. Bxg5 Rxd6 28. Rc7 Kg8 29. Bf4 Rd5 30. Rd3 Rb5 31. b3 Re1 32. Rc6 Re6 33. Rxe6 fxe6 34. Ke4 Kf7 35. Rd2 e5 36. Bg5 Ke6 37. h3 Rc5 38. g4 hxg4 39. hxg4 Rc1 40. Re2 Rd1 41. f3 Bf8 42. Rh2 Re1+ 43. Kd3 Kd5 44. Rh8 Bb4 45. Rd8+ Ke6 46. Re8+ Kd5 47. Rd8+ Ke6 48. Rb8 Rd1+ 49. Kc2 Rf1 50. Rxb6+ Bd6 51. Rxa6 Rxf3 52. Bd2 Rf2 53. Kd3 Kd5 54. Ra5+ Bc5 55. b4 e4+ 56. Kc2 e3 57. Rxc5+ Ke4 58. g5 Rxd2+ 59. Kc1 Rxa2 60. Rc8 Ra1+ 61. Kb2 e2 62. Re8+ Kd3 63. Kxa1 Kd2 64. Kb2 e1Q 65. Rxe1 Kxe1 66. g6 d3 67. g7 d2 68. g8Q d1Q 69. Qe6+ Kf2 70. Qf5+ Ke3 71. Qg5+ Ke4 72. Qc5 Qd7 73. Kc3 Qg7+ 74. Kb3 Qg3+ 75. Qc3 Qd6 76. Qc4+ Kf3 77. b5 Qd7 78. Kb4 Qd6+ 79. Ka4 Qd8 80. Qb3+ Ke4 81. b6 Qa8+ 82. Kb5 Qe8+ 83. Ka5 Qa8+ 84. Kb4 Qf8+ 85. Kb5 Qe8+ 86. Ka6 Qa8+ 87. Kb5 Qe8+ 1/2-1/2

[Event "Titled Tuesday intern op 06th Feb Early"]
[Site "Chess.com INT"]
[Date "2024.02.06"]
[Round "5"]
[White "Magem Badals, Jordi"]
[Black "Halkias, Stelios"]
[Result "1-0"]
[WhiteElo "2501"]
[BlackElo "2508"]
[PlyCount "121"]
[EventDate "2024.02.06"]
[EventType "swiss (blitz)"]
[EventRounds "11"]
[EventCountry "USA"]
[SourceTitle "CB07_2024"]
[SourceDate "2024.02.14"]
[SourceVersion "1"]
[SourceVersionDate "2024.02.14"]
[SourceQuality "1"]

1. e4 c5 2. Nf3 Nc6 3. Bb5 g6 4. 0-0 Bg7 5. c3 Nf6 6. Re1 0-0 7. d4 d5 8. e5 Ne4 9. Be3 Qb6 10. Bxc6 Qxc6 11. Nfd2 cxd4 12. cxd4 Nxd2 13. Qxd2 Bf5 14. Nc3 Rac8 15. Bh6 Rfd8 16. Bxg7 Kxg7 17. h3 Qb6 18. Rac1 Rc4 19. Ne2 Rdc8 20. Rxc4 Rxc4 21. Rc1 Qc6 22. b3 Rxc1+ 23. Nxc1 f6 24. Ne2 g5 25. exf6+ exf6 26. Nc3 h6 27. Qe3 Kf7 28. f3 Be6 29. Qd3 Kg7 30. Kf2 h5 31. Ne2 h4 32. f4 Qc7 33. Qe3 Bf5 34. fxg5 Qd6 35. gxf6+ Qxf6 36. Qe5 Qxe5 37. dxe5 Kf7 38. Nd4 Bb1 39. a3 Kg6 40. g3 Kg5 41. e6 Bg6 42. gxh4+ Kxh4 43. Nb5 Kg5 44. Ke3 Kf6 45. Nd4 a6 46. h4 Bh5 47. Kf4 Bd1 48. b4 b6 49. e7 Kxe7 50. Ke5 Kd7 51. Kxd5 a5 52. b5 Bg4 53. Ke5 a4 54. Kf4 Bd1 55. Ke5 Bg4 56. Nf5 Be2 57. Nd6 Bd3 58. h5 Bh7 59. h6 Bd3 60. Nf5 Bxf5 61. Kxf5 1-0

[Event "Titled Tuesday intern op 06th Feb Early"]
[Site "Chess.com INT"]
[Date "2024.02.06"]
[Round "1"]
[White "Sharshenbekov, Emir"]
[Black "Halkias, Stelios"]
[Result "1-0"]
[WhiteElo "1881"]
[BlackElo "2508"]
[PlyCount "69"]
[EventDate "2024.02.06"]
[EventType "swiss (blitz)"]
[EventRounds "11"]
[EventCountry "USA"]
[SourceTitle "CB07_2024"]
[SourceDate "2024.02.14"]
[SourceVersion "1"]
[SourceVersionDate "2024.02.14"]
[SourceQuality "1"]

1. g3 Nf6 2. Bg2 d5 3. f4 e6 4. Nf3 c5 5. 0-0 Nc6 6. d3 g6 7. Nc3 Bg7 8. e4 0-0 9. h3 b6 10. Kh2 dxe4 11. dxe4 Ba6 12. Re1 Qxd1 13. Rxd1 Rad8 14. Be3 Nb4 15. Ne1 Bb7 16. a3 Nc6 17. e5 Nd7 18. Nb5 a6 19. Nd6 Ba8 20. Bf1 b5 21. a4 Nd4 22. axb5 axb5 23. Bxd4 cxd4 24. Bxb5 f6 25. Rxa8 Rxa8 26. Bxd7 fxe5 27. Bxe6+ Kh8 28. fxe5 h6 29. Nd3 Ra7 30. Re1 Rc7 31. Bb3 Rf3 32. Kg2 Rf8 33. e6 Re7 34. Nf4 Kh7 35. Nd5 1-0

[Event "Titled Tuesday intern op 09th Jan Early"]
[Site "Chess.com INT"]
[Date "2024.01.09"]
[Round "9"]
[White "Kochiev, Ivan"]
[Black "Halkias, Stelios"]
[Result "0-1"]
[WhiteElo "2051"]
[BlackElo "2508"]
[PlyCount "96"]
[EventDate "2024.01.09"]
[EventType "swiss (blitz)"]
[EventRounds "11"]
[EventCountry "USA"]
[SourceTitle "CB03_2024"]
[SourceDate "2024.01.17"]
[SourceVersion "1"]
[SourceVersionDate "2024.01.17"]
[SourceQuality "1"]

1. e4 c5 2. Nf3 d6 3. d4 cxd4 4. Nxd4 Nf6 5. f3 a6 6. c4 e6 7. Nc3 Be7 8. Be3 0-0 9. Nc2 b6 10. Be2 Bb7 11. 0-0 Nbd7 12. Qd2 Qc7 13. Rac1 Rac8 14. Rfd1 Rfe8 15. b4 Qb8 16. Nd4 Ne5 17. Na4 Nfd7 18. Nb3 Ba8 19. h3 h6 20. Bf1 Bc6 21. Nc3 Ba8 22. Na4 Rc7 23. Qf2 b5 24. cxb5 Rxc1 25. Rxc1 axb5 26. Nc3 Nc4 27. Nxb5 Nxe3 28. Qxe3 d5 29. exd5 Bg5 30. Qc3 Bxc1 31. Qxc1 Bxd5 32. N3d4 Bxa2 33. Kh1 Bd5 34. Nc6 Bxc6 35. Qxc6 Ne5 36. Qe4 Rd8 37. Be2 Ng6 38. Nc3 Qg3 39. Bf1 Qf2 40. Qe2 Qd4 41. Qb2 Nf4 42. b5 Nd5 43. Na4 Qxb2 44. Nxb2 Nb6 45. Kh2 Kf8 46. Nc4 Nxc4 47. Bxc4 Ke7 48. h4 Rd4 0-1

[Event "Titled Tuesday intern op 19th Dec Early"]
[Site "Chess.com INT"]
[Date "2023.12.19"]
[Round "11"]
[White "Asish, Panda"]
[Black "Halkias, Stelios"]
[Result "0-1"]
[WhiteElo "1773"]
[BlackElo "2508"]
[PlyCount "96"]
[EventDate "2023.12.19"]
[EventType "swiss (blitz)"]
[EventRounds "11"]
[EventCountry "USA"]
[SourceTitle "CB52_2023"]
[SourceDate "2023.12.27"]
[SourceVersion "1"]
[SourceVersionDate "2023.12.27"]
[SourceQuality "1"]

1. e4 c5 2. Nf3 d6 3. d4 cxd4 4. Qxd4 Nc6 5. Bb5 Bd7 6. Bxc6 bxc6 7. c4 e5 8. Qd3 Qc7 9. Nc3 Ne7 10. 0-0 Ng6 11. Be3 Be7 12. Rfd1 Bg4 13. Nd2 Bxd1 14. Rxd1 0-0 15. f3 Rfd8 16. Nb3 h6 17. g3 Rab8 18. Qe2 Nf8 19. Qf2 a5 20. Na4 Nd7 21. Rd3 Rb4 22. Nc3 Rxc4 23. a3 Rb8 24. Nd2 Rd4 25. Bxd4 exd4 26. Qxd4 d5 27. Na4 Ne5 28. Rc3 dxe4 29. Nxe4 Rd8 30. Qb6 Qd7 31. Qe3 Qd1+ 32. Kg2 Qxa4 33. Nf2 Qd4 34. Qe2 Qd5 35. Re3 Bf6 36. Ne4 Qb5 37. Qc2 Rd3 38. Nxf6+ gxf6 39. a4 Qd5 40. Rxd3 Qxd3 41. Qc5 Qxf3+ 42. Kh3 Qf5+ 43. Kg2 Qe4+ 44. Kh3 Kg7 45. Qxa5 Qf5+ 46. Kg2 Qf3+ 47. Kh3 Ng4 48. Qd2 Nf2+ 0-1

[Event "Titled Tuesday intern op 19th Dec Early"]
[Site "Chess.com INT"]
[Date "2023.12.19"]
[Round "6"]
[White "Halkias, Stelios"]
[Black "Gong, Qianyun"]
[Result "1-0"]
[WhiteElo "2508"]
[BlackElo "2263"]
[PlyCount "123"]
[EventDate "2023.12.19"]
[EventType "swiss (blitz)"]
[EventRounds "11"]
[EventCountry "USA"]
[SourceTitle "CB52_2023"]
[SourceDate "2023.12.27"]
[SourceVersion "1"]
[SourceVersionDate "2023.12.27"]
[SourceQuality "1"]

1. Nf3 d5 2. d4 Nf6 3. c4 c6 4. Nc3 dxc4 5. e4 b5 6. Be2 e6 7. 0-0 Bb7 8. Rb1 h6 9. b3 cxb3 10. Rxb3 Be7 11. Qc2 Nbd7 12. e5 Nd5 13. Nxd5 exd5 14. Nd2 0-0 15. Rg3 f5 16. Nf3 Kh8 17. Rh3 Qe8 18. Bd3 Qg6 19. Re1 Nb6 20. e6 Nc4 21. Bf4 Rae8 22. Qc1 Kh7 23. Kh1 Bc8 24. Bxc4 bxc4 25. Ne5 Qxe6 26. Ng4 fxg4 27. Rxe6 Bxe6 28. Re3 Bf5 29. Be5 Bg5 30. Kg1 Bxe3 31. Qxe3 Bd3 32. h3 gxh3 33. Qxh3 Rf5 34. Qe3 c5 35. f4 cxd4 36. Qxd4 Be4 37. Qxa7 Rg8 38. g4 Rff8 39. Qd4 Ra8 40. g5 hxg5 41. Qe3 Kg6 42. f5+ Kf7 43. Qxg5 Rxa2 44. Qg6+ Ke7 45. Qe6+ Kd8 46. Qxg8+ Kd7 47. Qxg7+ Kc6 48. Qf6+ Kb5 49. Qd6 Rg2+ 50. Kf1 c3 51. Qb8+ Kc4 52. Qc7+ Kb5 53. Qb7+ Kc4 54. Qc6+ Kb3 55. Qxc3+ Ka2 56. Qa1+ Kb3 57. Qc3+ Ka2 58. f6 Rc2 59. Qa1+ Kb3 60. f7 Bd3+ 61. Kg1 Rc8 62. Qd4 1-0

[Event "Titled Tuesday intern op 14th Nov Early"]
[Site "Chess.com INT"]
[Date "2023.11.14"]
[Round "4"]
[White "Halkias, Stelios"]
[Black "Shohat, Yotam"]
[Result "1-0"]
[WhiteElo "2508"]
[BlackElo "2332"]
[PlyCount "43"]
[EventDate "2023.11.14"]
[EventType "swiss (blitz)"]
[EventRounds "11"]
[EventCountry "USA"]
[SourceTitle "CB47_2023"]
[SourceDate "2023.11.22"]
[SourceVersion "1"]
[SourceVersionDate "2023.11.22"]
[SourceQuality "1"]

1. Nf3 Nf6 2. c4 e6 3. g3 d5 4. d4 Bb4+ 5. Bd2 Be7 6. Bg2 0-0 7. Qc2 Nbd7 8. h4 c6 9. Nc3 dxc4 10. Rd1 b5 11. Ne5 Nxe5 12. dxe5 Nd5 13. Ne4 h6 14. Bg5 Qa5+ 15. Kf1 Qxa2 16. Bf3 Qb3 17. Qc1 hxg5 18. hxg5 Rd8 19. Kg2 Bb7 20. Nf6+ gxf6 21. gxf6 Bxf6 22. exf6 1-0

[Event "ROM-chT"]
[Site "Eforie Nord"]
[Date "2023.09.29"]
[Round "9.3"]
[White "Dolana, Andrei Theodor"]
[Black "Halkias, Stelios"]
[Result "1-0"]
[WhiteElo "2373"]
[BlackElo "2506"]
[PlyCount "143"]
[EventDate "2023.09.21"]
[EventType "team-tourn"]
[EventRounds "9"]
[EventCountry "ROU"]
[SourceTitle "EXT 2024"]
[Source "ChessBase"]
[SourceDate "2023.10.10"]
[SourceVersion "1"]
[SourceVersionDate "2023.10.10"]
[SourceQuality "1"]
[WhiteTeam "Ineu"]
[BlackTeam "Timisoara Vest Univ"]
[WhiteTeamCountry "ROU"]
[BlackTeamCountry "ROU"]

1. Nf3 Nf6 2. b3 b6 3. Bb2 Bb7 4. c4 e6 5. g3 Bxf3 6. exf3 c5 7. d4 cxd4 8. Qxd4 Nc6 9. Qd3 Rc8 10. Nc3 Be7 11. Rd1 0-0 12. Bh3 d5 13. 0-0 dxc4 14. Qxc4 Qe8 15. f4 Bc5 16. Na4 Be7 17. Nc3 Bc5 18. Bg2 Ne7 19. Qa6 Nc6 20. a3 Qe7 21. Nb5 Ng4 22. Nc3 h5 23. b4 Bd4 24. h3 Nb8 25. Qd3 Rfd8 26. Nd5 exd5 27. Bxd4 Nh6 28. Rfe1 Qd7 29. Re5 Nc6 30. Rxh5 Nxd4 31. Qxd4 Nf5 32. Qe5 Ne7 33. Rg5 g6 34. f5 Qd6 35. fxg6 f6 36. Qxd6 Rxd6 37. Rg4 Kg7 38. h4 f5 39. Rgd4 Kxg6 40. Bxd5 Rxd5 41. Rxd5 Nxd5 42. Rxd5 Rc3 43. a4 Rb3 44. Rd7 f4 45. Kg2 f3+ 46. Kh3 Rxb4 47. Rxa7 Rb2 48. a5 b5 49. Rb7 b4 50. Kg4 Rxf2 51. Rb6+ Kg7 52. Rxb4 Ra2 53. Kxf3 Rxa5 54. Kf4 Rc5 55. g4 Ra5 56. g5 Rc5 57. h5 Rc7 58. Kg4 Kh7 59. h6 Rc6 60. Kh5 Rc5 61. Rb7+ Kh8 62. Re7 Rb5 63. Kg6 Rb6+ 64. Kf5 Rb5+ 65. Kf6 Rb6+ 66. Re6 Rb8 67. g6 Rf8+ 68. Ke7 Rf1 69. Rf6 Re1+ 70. Kf8 Rg1 71. g7+ Kh7 72. Rf7 1-0

[Event "ROM-chT"]
[Site "Eforie Nord"]
[Date "2023.09.27"]
[Round "7.3"]
[White "Cioara, Andrei Nestor"]
[Black "Halkias, Stelios"]
[Result "1-0"]
[WhiteElo "2400"]
[BlackElo "2506"]
[PlyCount "77"]
[EventDate "2023.09.21"]
[EventType "team-tourn"]
[EventRounds "9"]
[EventCountry "ROU"]
[SourceTitle "EXT 2024"]
[Source "ChessBase"]
[SourceDate "2023.10.10"]
[SourceVersion "1"]
[SourceVersionDate "2023.10.10"]
[SourceQuality "1"]
[WhiteTeam "Craiova Oltenia"]
[BlackTeam "Timisoara Vest Univ"]
[WhiteTeamCountry "ROU"]
[BlackTeamCountry "ROU"]

1. d4 Nf6 2. c4 g6 3. g3 c5 4. d5 b5 5. cxb5 a6 6. bxa6 d6 7. Nc3 Bg7 8. Bg2 0-0 9. Nf3 Nxa6 10. 0-0 Bf5 11. Nh4 Bd7 12. Rb1 Qa5 13. Bd2 Rfb8 14. Re1 Qc7 15. h3 Qc8 16. Kh2 Ra7 17. Qc1 Rab7 18. f4 c4 19. Nf3 Nc5 20. Nd4 Nfe4 21. Nxe4 Nxe4 22. Be3 Nc5 23. Nc6 Bxc6 24. dxc6 Rb4 25. Bxc5 dxc5 26. Qe3 c3 27. b3 Qc7 28. Qxc5 e5 29. Rbd1 exf4 30. Rd7 fxg3+ 31. Kh1 Qe5 32. Qxb4 Rxb4 33. c7 Bf6 34. c8Q+ Kg7 35. Qc7 Qe8 36. Bd5 Bh4 37. Qxc3+ Kh6 38. Qxb4 g5 39. Qd6+ 1-0

[Event "ROM-chT"]
[Site "Eforie Nord"]
[Date "2023.09.26"]
[Round "6.3"]
[White "Halkias, Stelios"]
[Black "Parligras, Mircea Emilian"]
[Result "1/2-1/2"]
[WhiteElo "2506"]
[BlackElo "2561"]
[PlyCount "35"]
[EventDate "2023.09.21"]
[EventType "team-tourn"]
[EventRounds "9"]
[EventCountry "ROU"]
[SourceTitle "EXT 2024"]
[Source "ChessBase"]
[SourceDate "2023.10.10"]
[SourceVersion "1"]
[SourceVersionDate "2023.10.10"]
[SourceQuality "1"]
[WhiteTeam "Timisoara Vest Univ"]
[BlackTeam "Bucharest ASE"]
[WhiteTeamCountry "ROU"]
[BlackTeamCountry "ROU"]

1. Nf3 d5 2. d4 Nf6 3. c4 e6 4. g3 Bb4+ 5. Bd2 Be7 6. Bg2 0-0 7. Qc2 c6 8. h4 Nbd7 9. Nc3 b6 10. e4 dxe4 11. Nxe4 Nxe4 12. Qxe4 Bb7 13. 0-0-0 Nf6 14. Qc2 Qc7 15. Ng5 Rfd8 16. Bc3 a5 17. Kb1 b5 18. Be4 1/2-1/2

[Event "Titled Tuesday intern op 19th Sep Early"]
[Site "Chess.com INT"]
[Date "2023.09.19"]
[Round "3"]
[White "Halkias, Stelios"]
[Black "Budrewicz, Krzysztof"]
[Result "1/2-1/2"]
[WhiteElo "2506"]
[BlackElo "2184"]
[PlyCount "172"]
[EventDate "2023.09.19"]
[EventType "swiss (blitz)"]
[EventRounds "11"]
[EventCountry "USA"]
[SourceTitle "EXT 2024"]
[Source "ChessBase"]
[SourceDate "2023.10.10"]
[SourceVersion "1"]
[SourceVersionDate "2023.10.10"]
[SourceQuality "1"]

1. d4 Nf6 2. c4 g6 3. g3 Bg7 4. Bg2 0-0 5. Nf3 d6 6. 0-0 Nbd7 7. Nc3 e5 8. e4 exd4 9. Nxd4 Nc5 10. Re1 Re8 11. h3 a5 12. Rb1 c6 13. b3 Nfd7 14. Be3 Ne5 15. Bf1 Ne6 16. Bg2 Nc5 17. Bf1 Ne6 18. Kh1 Nxd4 19. Bxd4 c5 20. Be3 Nxc4 21. Bxc4 Bxc3 22. Qf3 Qf6 23. Qxf6 Bxf6 24. Red1 Be7 25. Kg2 Be6 26. Bd5 Rab8 27. Bf4 Red8 28. a4 b5 29. axb5 Bxd5 30. Rxd5 Rxb5 31. Rbd1 Rxb3 32. e5 a4 33. exd6 Bf6 34. Rxc5 a3 35. Ra5 h5 36. g4 hxg4 37. hxg4 Rd7 38. Ra8+ Kg7 39. Rh1 g5 40. Bg3 Bd8 41. Re1 Bf6 42. Ree8 Kg6 43. Rg8+ Bg7 44. Rgc8 Rd3 45. Rc7 R3xd6 46. Bxd6 Rxd6 47. Rxa3 Be5 48. Re7 Bf4 49. Re4 Rf6 50. Ra5 Bd6 51. Rc4 Bf4 52. Rcc5 Bd2 53. Rab5 Bf4 54. Rf5 Re6 55. Rb7 f6 56. Rd7 Be5 57. Rd8 Kf7 58. Rh8 Ra6 59. Rf3 Ke6 60. Re8+ Kf7 61. Rc8 Ra4 62. Kh3 Ra1 63. Rd8 Rh1+ 64. Kg2 Rh4 65. Rd7+ Ke6 66. Rdd3 Rxg4+ 67. Kf1 Re4 68. Rde3 Rc4 69. Ra3 g4 70. Rfb3 Kf5 71. Rb6 Rc1+ 72. Ke2 Rc2+ 73. Kf1 Rxf2+ 74. Kxf2 Bd4+ 75. Kg3 Bxb6 76. Ra4 Bc7+ 77. Kh4 g3 78. Kh3 Be5 79. Kg2 Kg5 80. Ra5 Kg4 81. Ra4+ Bf4 82. Rb4 Kg5 83. Kf3 Be5 84. Rg4+ Kf5 85. Rg8 Ke6 86. Rg6 Kf5 1/2-1/2

[Event "Titled Tuesday intern op 19th Sep Early"]
[Site "Chess.com INT"]
[Date "2023.09.19"]
[Round "8"]
[White "Halkias, Stelios"]
[Black "Czerw, Dawid"]
[Result "1-0"]
[WhiteElo "2506"]
[BlackElo "2400"]
[PlyCount "87"]
[EventDate "2023.09.19"]
[EventType "swiss (blitz)"]
[EventRounds "11"]
[EventCountry "USA"]
[SourceTitle "EXT 2024"]
[Source "ChessBase"]
[SourceDate "2023.10.10"]
[SourceVersion "1"]
[SourceVersionDate "2023.10.10"]
[SourceQuality "1"]

1. d4 d5 2. c4 c6 3. Nf3 Nf6 4. Qb3 dxc4 5. Qxc4 Bf5 6. g3 e6 7. Bg2 h6 8. 0-0 Nbd7 9. Nc3 Be7 10. Qb3 Qb6 11. Bf4 Ne4 12. Nh4 Nxc3 13. bxc3 Qxb3 14. axb3 Bc2 15. Nf3 Be4 16. Nd2 Bxg2 17. Kxg2 Nb6 18. e4 a6 19. Bc7 Nd7 20. Nc4 Rc8 21. Bd6 f6 22. e5 Kf7 23. Bxe7 Kxe7 24. f4 f5 25. b4 g5 26. h3 Rcg8 27. Kf3 h5 28. Nd6 g4+ 29. Kf2 h4 30. Rg1 gxh3 31. gxh4 Rg4 32. Rxg4 fxg4 33. Kg3 Nf6 34. c4 Rg8 35. exf6+ Kxd6 36. h5 b5 37. cxb5 axb5 38. h6 Rh8 39. f7 Ke7 40. Ra7+ Kf6 41. Rd7 Kg6 42. Re7 Kf6 43. Re8 Rxh6 44. f8Q+ 1-0

[Event "Titled Tuesday intern op 19th Sep Early"]
[Site "Chess.com INT"]
[Date "2023.09.19"]
[Round "2"]
[White "Veljanoski, Andrej"]
[Black "Halkias, Stelios"]
[Result "0-1"]
[WhiteElo "2270"]
[BlackElo "2506"]
[PlyCount "150"]
[EventDate "2023.09.19"]
[EventType "swiss (blitz)"]
[EventRounds "11"]
[EventCountry "USA"]
[SourceTitle "EXT 2024"]
[Source "ChessBase"]
[SourceDate "2023.10.10"]
[SourceVersion "1"]
[SourceVersionDate "2023.10.10"]
[SourceQuality "1"]

1. Nf3 Nf6 2. g3 d5 3. Bg2 e6 4. b3 Be7 5. Bb2 0-0 6. 0-0 b6 7. c4 Bb7 8. d3 Nbd7 9. Nbd2 c5 10. cxd5 exd5 11. d4 Re8 12. Re1 Ne4 13. Nxe4 dxe4 14. Nd2 Bf6 15. Nc4 Qe7 16. Rb1 Rad8 17. dxc5 Nxc5 18. Qc1 Ba6 19. Ne3 h6 20. h4 Qe6 21. Kh2 Rc8 22. Bh3 Qc6 23. Bxc8 Rxc8 24. b4 Bxb2 25. Rxb2 Qf6 26. Ng4 Qe6 27. Qf4 Na4 28. Rd2 Nc3 29. Rd6 Qe7 30. Red1 Nxd1 31. Rxd1 Bxe2 32. Re1 Bxg4 33. Qxg4 Re8 34. Qf4 Qxb4 35. Re3 Qc5 36. g4 f6 37. Kg3 Re5 38. Rxe4 Qc3+ 39. Re3 Rxe3+ 40. fxe3 Qe1+ 41. Kf3 Qf1+ 42. Ke4 Qc4+ 43. Kf5 Qd5+ 44. Kg6 Qf7+ 45. Kf5 Qd7+ 46. Kg6 Qe8+ 47. Kf5 Kh7 48. h5 Qc8+ 49. Ke4 Qc2+ 50. Kd5 Qxa2+ 51. Kd6 Qf7 52. Qf5+ Kg8 53. Kc6 Qe8+ 54. Kb7 a5 55. Kxb6 a4 56. Qd5+ Kh8 57. e4 a3 58. Kc7 Qe7+ 59. Kc8 Qf8+ 60. Kc7 Qe7+ 61. Kc8 Qe8+ 62. Kc7 Qe5+ 63. Kc8 Qxd5 64. exd5 a2 65. d6 a1Q 66. d7 Qa6+ 67. Kc7 Qc4+ 68. Kb8 Qb5+ 69. Kc8 Qc6+ 70. Kd8 Kg8 71. Ke8 Qe6+ 72. Kd8 Kf7 73. Kc7 Qe5+ 74. Kc8 Qc5+ 75. Kb7 Ke7 0-1